LEADER 00647naa a2200145 i 4500 001 000000298152 003 CaOOAMICUS 005 20180831172618.0 008 180831n xx u000 u und u 013 $a5754 040 $aSeMil$bita 100 1 $aGordon, Charles Jason .$0(OLS)http://semarc/name/85837 245 10$aClash of paradigms :$breport from the caribbean. 773 0 $tLiberation theologies on shifting grounds.$dLeuven : University Press, 1998.$kBibliotheca Ephemeridum Theologicarum Lovaniensium$z90-6186-883-1$z90-429-0302-3$w()65428 996 $6245$aClash of paradigms :$breport from the caribbean$9(OLS)http://semarc/title/374173 LEADER 00640naa a2200157 i 4500 001 000000298058 003 CaOOAMICUS 005 20180831172617.0 008 180831n xx u000 u und u 013 $a5660 040 $aSeMil$bita 100 1 $aBertuletti, Angelo,$d<1940- >.$0(OLS)http://semarc/name/18683 245 13$aIl concetto di persona e il sapere teologico. 650 4$aPersona - Teologia.$0(OLS)http://semarc/subject/6891 773 0 $tIdea di persona.$dMilano : Vita e Pensiero, 1996.$kMetafisica e storia della metafisica$z88-343-0386-5$w()64698 996 $6245$aIl concetto di persona e il sapere teologico$9(OLS)http://semarc/title/374079